000 00595nam a2200169 4500
999 _c16539
_d16539
008 220223b ||||| |||| 00| 0 eng d
022 _a0091-4169
082 _aDPer 364.05 J82 2011 v101 n.2
100 _aKinports, Kit.
_944049
245 _aThe supreme court's love-hate relationship with Miranda/
_cKit Kinports.
260 _aEvanston:
_bNorthwestern University Press,
_cc2011.
300 _av101 n2, pages 375-440;
_c25 cm.
500 _aThe Journal of Criminal Law and Criminology.
650 _aAdministration of criminal justice.
_944050
650 _2Criminal law.
942 _2ddc
_cPER